Notas sobre el nuevo eje de acumulación capitalista en centroamérica: el caso de Nicaragua /

Sábháilte in:
Sonraí bibleagrafaíochta
Príomhchruthaitheoir: Vargas Escobar, Oscar René
Formáid: Téacs
Teanga:Spanish
Ábhair:
Clibeanna: Cuir clib leis
Níl clibeanna ann, Bí ar an gcéad duine le clib a chur leis an taifead seo!

MARC

LEADER 00000 a a2200000 04500
001 43598
003 cru CRAI/IIS
005 20210506171151.0
008 210506b |||||||| |||| 00| 0 spa d
040 |c cru CRAI/IIS 
100 1 |a Vargas Escobar, Oscar René  
245 1 |a Notas sobre el nuevo eje de acumulación capitalista en centroamérica:   |b el caso de Nicaragua /  |c Oscar René Vargas Escobar  
650 |a INDUSTRIALIZACION  
650 |a ACUMULACION DE CAPITAL  
650 |a NICARAGUA  
773 |g volumen8, número22 ( , 1979), páginas 251-272  
773 0 |0 18875  |9 5392  |a Universidad de Costa Rica.  |d San José, Costa Rica: Universidad de Costa Rica. Consejo Superior Universitario Centroamericano, 1972-  |o 14349  |t Estudios Sociales Centroamericanos /  |x 03039676 
942 |2 ddc  |c PP 
999 |c 36116  |d 36116